000 00527nam a2200181Ia 4500
005 20250508152906.0
008 008 250505s9999 xx 000 0 hin d
037 _aTextual
040 _aFEDL
_beng
_cFEDL
041 _ahin
_2hin
084 _a891.431, SOL
_qFEDL
100 _aSolanki Komal Singh
_9416803
245 0 _aSoundrya bodh: Sahitiyik nibandhon ka sangrah
260 _aAgra, India
_bGupta Publishing Hosue
_c1962
300 _a106p
942 _cTEXL
_h891.431, SOL
999 _c1339446
_d1339446